| 000 | 00771nam a22001577a 4500 | ||
|---|---|---|---|
| 008 | 120619t xxu||||| |||| 00| 0 eng d | ||
| 020 | _a0787902624 | ||
| 050 | _aLB1028.43.G61 | ||
| 100 | _aGooden, Andrea R. | ||
| 245 |
_aComputers in the classroom: How teachers and students are using technology to transform learning. / _cAndrea R.Gooden |
||
| 250 | _a1 | ||
| 260 |
_bApple Press, _c1996. |
||
| 300 |
_axxxi,192 p.: _c24cm. |
||
| 505 | _aContents: Newark studies:Writing about community -- Hypertex folklife project: Culture becomes curriculum -- Computer greenhouse effect: Bringing biology to life -- 21st century learning: Putting school to work -- Computer mini-school: Technology builds community -- Myths and legends: creating new traditions. | ||
| 942 |
_2lcc _cBK |
||
| 999 |
_c1450 _d8950 |
||